| 000 | 00595cam a2200217 a 4500 | ||
|---|---|---|---|
| 001 | 1370165 | ||
| 005 | 20180206035605.0 | ||
| 008 | 810410s1982 njua b 101 0 eng | ||
| 010 | _a 81005854 | ||
| 020 | _a0134518152 | ||
| 040 |
_aDLC _cDLC _dDLC |
||
| 041 | _aeng | ||
| 080 | _a658.4012 LOR | ||
| 082 | 0 | 0 |
_a658.4012 LOR _219 |
| 100 | _a54 | ||
| 101 | _aLID | ||
| 245 | 0 | 0 |
_aImplementation of strategic planning / _c[edited by] Peter Lorange. |
| 504 | _aIncludes bibliographical references and indexes. | ||
| 906 |
_a7 _bcbc _corignew _d1 _eocip _f19 _gy-gencatlg |
||
| 942 |
_2ddc _cBK |
||
| 999 |
_c41868 _d41868 |
||